Operational Risk Management and Business Continuity Planning for Modern State Treasuries.

This technical note and manual addresses the following main issues: 1. What is operational risk management and how this should be applied to treasury operations. 2. What is business continuity and disaster recovery planning and why it is important for treasury operations? 3. How to develop and imple...

תיאור מלא

מידע ביבליוגרפי
מחבר תאגידי: International Monetary Fund
פורמט: כתב-עת
שפה:English
יצא לאור: Washington, D.C. : International Monetary Fund, 2011.
סדרה:Technical Notes and Manuals; Technical Notes and Manuals ; No. 2011/005
נושאים:
גישה מקוונת:Full text available on IMF
LEADER 01690cas a2200253 a 4500
001 AALejournalIMF012412
008 230101c9999 xx r poo 0 0eng d
020 |c 5.00 USD 
020 |z 9781475504705 
022 |a 2075-8669 
040 |a BD-DhAAL  |c BD-DhAAL 
110 2 |a International Monetary Fund. 
245 1 0 |a Operational Risk Management and Business Continuity Planning for Modern State Treasuries. 
264 1 |a Washington, D.C. :  |b International Monetary Fund,  |c 2011. 
300 |a 1 online resource (35 pages) 
490 1 |a Technical Notes and Manuals 
500 |a <strong>Off-Campus Access:</strong> No User ID or Password Required 
500 |a <strong>On-Campus Access:</strong> No User ID or Password Required 
506 |a Electronic access restricted to authorized BRAC University faculty, staff and students 
520 3 |a This technical note and manual addresses the following main issues: 1. What is operational risk management and how this should be applied to treasury operations. 2. What is business continuity and disaster recovery planning and why it is important for treasury operations? 3. How to develop and implement a business continuity and disaster recovery plan using a six practical-step process and how to have it imbedded into the day-to-day operations of the treasury. 4. What is needed to activate and what are the key procedures when activating the disaster recovery plan. 
538 |a Mode of access: Internet 
651 7 |a Chile  |2 imf 
830 0 |a Technical Notes and Manuals; Technical Notes and Manuals ;  |v No. 2011/005 
856 4 0 |z Full text available on IMF  |u http://elibrary.imf.org/view/journals/005/2011/005/005.2011.issue-005-en.xml  |z IMF e-Library